The logic scientific discovery

Đã lưu trong:
Chi tiết về thư mục
Tác giả chính: Popper, Karl
Định dạng: Sách
Ngôn ngữ:Undetermined
Được phát hành: New York, Estados Unidos Science 1961
Những chủ đề:
Các nhãn: Thêm thẻ
Không có thẻ, Là người đầu tiên thẻ bản ghi này!

MARC

LEADER 00000nam a2200000Ia 4500
008 170316s9999 xx 000 0 und d
090 |a 100 P-31Lo 
100 |a Popper, Karl 
245 4 |a The logic scientific discovery 
260 |a New York, Estados Unidos 
260 |b Science 
260 |c 1961 
300 |a 479 páginas 
650 |a FILOSOFÍA 
650 |a LÓGICA 
999 |c 17359  |d 17359 
040 |a cru BVZT 
942 |c 15 D  |h 100 P-31Lo  |2 z